000 00318nam a22001457a 4500
008 210308b ||||| |||| 00| 0 eng d
020 _a9781305511071
041 _aeng
080 _25th
_a33
082 _a33
100 _a59
101 _aBIZ
245 _aFoundations of Business
_cPride, W. M
942 _2udc
_cBK
999 _c55937
_d55937